000 00414nam a2200157Ia 4500
008 240729s9999 xx 000 0 und d
022 _a2475-0263
245 4 _aThe European Zoological Journal
260 _aUnited Kingdom
260 _bTaylor & Francis Group
650 _a Zoology
650 _aScience
856 _uhttps://doaj.org/toc/619b896c4f10442790fba5a4d1c3d93d
942 _2ddc
942 _cDOAJEJ
999 _c66376
_d66376
945 _a1
_bMadushi Gamage
_c1
_dMadushi Gamage